Sudden Death - Nachbarländer Österreichs - Statistiken

Allgemein
  • Dieses Quiz wurde 146 mal gespielt
  • Das Durchschnittsergebnis liegt bei 7 aus 8
Answers on the Grid
Answers color-coded by a green-red scale on the quiz's grid according to % correct below.
Deutschland🇩🇪
Schweiz🇨🇭
Liechtenstein🇱🇮
Italien🇮🇹
Slowenien🇸🇮
Tschechien🇨🇿
Slowakei🇸🇰
Ungarn🇭🇺
Kroatien🇭🇷
Frankreich🇫🇷
Belgien🇧🇪
Niederlande🇳🇱
Luxemburg🇱🇺
Polen🇵🇱
Ukraine🇺🇦
Estland🇪🇪
Lettland🇱🇻
Litauen🇱🇹
Belarus🇧🇾
Bosnien-Herzegowina🇧🇦
Serbien🇷🇸
Rumänien🇷🇴
Bulgarien🇧🇬
Dänemark🇩🇰
 
Antwortstatistiken
Antwort % Korrekt
Deutschland🇩🇪
93%
Liechtenstein🇱🇮
89%
Schweiz🇨🇭
89%
Slowenien🇸🇮
85%
Italien🇮🇹
81%
Slowakei🇸🇰
80%
Tschechien🇨🇿
80%
Ungarn🇭🇺
80%
Keine übereinstimmenden Quizze gefunden
Verteilung der Resultate
Anzahl Personen mit jedem Resultat
Perzentil nach korrekt beantworteten Fragen
Ihre Resultats-Entwicklung
Sie haben dieses Quiz noch nicht gespielt